Concepts of genetics

Đã lưu trong:
Bibliografiske detaljer
Hovedforfatter: Klug, William S.
Format: Bog
Sprog:Undetermined
Udgivet: Upper Saddle River, New Jersey Prentice-Hall 2000
Fag:
Tags: Tilføj Tag
Ingen Tags, Vær først til at tagge denne postø!
Thư viện lưu trữ: Trung tâm Học liệu Trường Đại học Cần Thơ
LEADER 00499nam a2200181Ia 4500
001 CTU_213610
008 210402s9999 xx 000 0 und d
082 |a 576.5 
082 |b K66 
100 |a Klug, William S. 
245 0 |a Concepts of genetics 
245 0 |c William S. Klug, Michael R. Cummings 
260 |a Upper Saddle River, New Jersey 
260 |b Prentice-Hall 
260 |c 2000 
650 |a Genetics 
904 |i Qhieu sua 
980 |a Trung tâm Học liệu Trường Đại học Cần Thơ